1718 1881 1660 1890 1894 1917 1557 1286 1081 1418 1073 1637 1729 1601 1523 1065 1753 1405 1772 1693 1858 1593 1883 1931 1711 1715 1278 1263 1643 1803 1300 1406 1816 1465 1106 1252 1767 1379 1725 1613 1659 1219 1679 1944 1345 1488 1616 1698 1706 1018 1321 1777 1116 1737 1466 1275 1678 1060 1976 1678 1751 1968 1058 1798 1829 1577 1087 1238 1509 1044 1325 1099 1814 1358 1164 1111 1201 1282 1744 1024 1897 1723 1954 1188 1936 1438 1553 1263 1697 1156 1657 1777 1345 1118 1138 1662 1743 1019 1346 BCNSPRNW ULIB Ver.6.0+V

เปลี่ยนเป็นภาษาไทย

Change to English
 แสดงรายละเอียดบรรณานุกรม
  กลับหน้าหลัก

Brief Record : Get Marc (ISO 2709) : E-mail record : QR code < ปิดหน้าต่าง
LEADER : 00000nam 2200000uu 4500
001    13399111592
003     ULIB
008    110703s||||||||th 000 0 tha d
020    9789744915849
050  4 BQ4190^bช616อ 2552
100 0  ชุติปัญโญ
245 10 อย่านำดวงใจไปให้ใครเหยียบเล่น /^cชุติปัญโญ
260    กรุงเทพฯ :^bใยไหม, ^c2552
300    157 หน้า :^bภาพประกอบ
650  7 ธรรมะกับชีวิตประจำวัน
945    ^p139^l0^i026445
995    ทศพร
999 ^a ใช้งานได้ทุกระบบ
รายการนี้ยังไม่มีแท็ก
คุณยังไม่ได้ล็อกอิน คุณสามารถมีกิจกรรมร่วมกับเว็บไซต์ได้ แต่ต้องล็อกอินก่อน ::
  ล็อกอิน

รายการสื่อสารสนเทศ

ลำดับที่ ประเภท เลขเรียก/บาร์โค้ด สถานที่ สถานะ
- ไม่พบข้อมูล -

รายการใกล้เคียง
    ผู้แต่ง [ชุติปัญโญ]

    หัวเรื่อง [ธรรมะกับชีวิตประจำวัน]

BibComment


ยังไม่เคยถูกคอมเมนท์

คอมเมนท์ทรัพยากรรายการนี้
  คอมเมนท์: อย่านำดวงใจไปให้ใ..


 Copyright 2026. Bcnsprnw @Library